Gender Violence : (Record no. 38563)
[ view plain ]
| 000 -LEADER | |
|---|---|
| fixed length control field | 00545nam a22001337a 4500 |
| 082 ## - DEWEY DECIMAL CLASSIFICATION NUMBER | |
| Classification number | RG.0241 |
| 100 ## - MAIN ENTRY--AUTHOR NAME | |
| Personal name | Gaan, Niharika |
| Affiliation | Management Development Institute Murshidabad |
| Place | Murshidabad - West Bengal |
| 245 ## - TITLE STATEMENT | |
| Title | Gender Violence : |
| Sub Title | Caste, Ethnicity, Religion and Regional Dimensions / |
| Statement of responsibility, etc | Niharika Gaan and Bony Dasgupta |
| 260 ## - PUBLICATION, DISTRIBUTION, ETC. (IMPRINT) | |
| Place of publication | Murshidabad, West Bengal: |
| Name of publisher/Sponsor | Indian Council of Social Science Research, |
| Year of publication | 2015 |
| 300 ## - PHYSICAL DESCRIPTION | |
| Number of Pages | VI, 235p. |
| 536 ## - FUNDING INFORMATION NOTE | |
| Funding Agency | Indian Council of Social Science Research (ICSSR) |
| 700 ## - ADDED ENTRY--PERSONAL NAME | |
| Personal name | Dasgupta, Bony |
| 942 ## - ADDED ENTRY ELEMENTS (KOHA) | |
| Source of classification or shelving scheme | Dewey Decimal Classification |
| Koha item type | Research Reports |
| Withdrawn status | Lost status | Damaged status | Use restrictions | Not for loan | Collection code | Home library | Current library | Date acquired | Source of acquisition | Full call number | Accession Number | Price effective from | Koha item type |
|---|---|---|---|---|---|---|---|---|---|---|---|---|---|
| Restricted Access | Not For Loan | ICSSR Research Project Reports | NASSDOC Library | NASSDOC Library | 24/07/2023 | Research Report Division | RG.0241 | 53836 | 24/07/2023 | Research Reports |
